Music Quiz

Random Music or Song Quiz

Graham Colton Songs Quiz Stats

 Plays Quiz not verified by Sporcle

Support Sporcle.
Go Orange.
Score 0/32 Timer 10:00
0 Plays Today
Opening Lyrics Song Title % Correct
I`ve got a new years resolution I think I know what I`ve gotta do I`ve got a new years resolution getttin over youNew Years Resolution
75%
With everything I`ve ever done I`d give it all to everyone for one more dayBest Days
62.5%
Sometimes I think I pass you walking on the street and i believe it Sometimes I think I see you looking back at me.. now i see itMorning Light
50%
Leaving me here I want you to know that I wanted you there, you were the best thing in my lifeCellophane Girl
50%
Are you far away in a new life? Are you wearing the same dress that you wore when we met the first night?First Week
50%
Don`t give up on me tonight We`ve come this far we`ve made good time And all the light of the world is somewhere elseDon't Give up on Me
50%
I`m not asking for forever and I don`t need much of your time I know we can`t be together but you should know I`m on your side It`s where I`ll always beOn Your Side
50%
Tell me would you think less of me if I said I could do without you, Tell me would you jump up and down if I said I couldn`t see you againSince You Broke It
50%
All of the innocence has gone awayAll the World Tonight
37.5%
A memory in every room I`m always in love with youAlways in Love
37.5%
I`m not about to change what you`ve become I won`t tell you what to say cuz you don`t care if I`m right or I am wrong you just look the other wayHow Low
37.5%
You`re ready to go I fake a smile all thats between us now is just 3,000 milesBest Thing
37.5%
The light is breaking through the window We count the miles Do you hum to static in your own life? Or the radio?Cut
37.5%
so I`m down her like you wanted why am I not sleeping in your bed its 3 o`clock in the morningJessica
37.5%
It`s late and I`m losing sleep Worryin` where you might be I channel flip through the T.V. stationsSave Me
37.5%
There`s a reason for everything Cuz anything can turn you around There`s a dead end for everyoneSending a Note
37.5%
Opening Lyrics Song Title % Correct
Looks like history`s repeating I don`t learn from my mistakes I can`t feel the water rising A wave will always breakTake You Back
37.5%
Up here alone in this room Watching you come into viewTelescope
37.5%
She will let you win She`ll be waiting aroundThis Time
37.5%
Whatever breaks my heart All that you can`t say you seem to find a way Whatever makes me cry Everything you so takes a piece of me with youWhatever Breaks My Heart
37.5%
You, you gotta be the one, who`s in on the action I`m wondering when we`re leaving,Cigarette
37.5%
It`s been one year to the day Since I watched you drive away leaving me with only street lights glowingForget About You
25%
There was a time There was a place And everything we had was innocent I`d go back againIf Love was Enough
25%
The cars are passing down below and all that`s left of you is all your clothesKilling Me
25%
You went up and down inside my head The cut of your hairSouth
25%
there`s no more essence burning in the room there`s no more suspense before we touch there`s so much love back thenYou and Only You
25%
I`m writing you for the hundredth time cuz ninety nine I threw away And in my mind a thousand times I`ve said everything I wanna sayYou Find a Way
25%
Oh no I`m over throwing stones at windowsAccident of Youth
25%
i can`t say one more time i see your face and i am fine and every time i see you i fight for words and though i try to reach you and i can`t feelI Can't Stand Here Waiting
25%
Where there`s love there is pain With the sun comes the rain Without wrong there`d be no rightLet it Go
12.5%
I do all this, not knowing and I give myself away and she says w/ soft skin that I can`t tear awayFirst Thing on my Mind
0%
i kick back. you could be heard standing this close, then react.Wide Open
0%

You're not logged in!

Compare scores with friends on all Sporcle quizzes.
OR
Log In

From the Vault

Which Year? (2000s)

by william2

Only one more year until those born in 2000 will be old enough to vote.
Remove Ads.
Support Sporcle.
Get the best of Sporcle when you Go Orange. This ad-free experience offers more features, more stats, and more fun while also helping to support Sporcle. Thank you for becoming a member.

Show Comments

Extras

Created Feb 11, 2011ReportNominate
Tags:Song Quiz, graham

Top Quizzes Today


Score Distribution

Your Account Isn't Verified!

In order to create a playlist on Sporcle, you need to verify the email address you used during registration. Go to your Sporcle Settings to finish the process.

Report this User

Report this user for behavior that violates our Community Guidelines.

Details: